| 000 | 00936nam a22003137a 4500 | ||
|---|---|---|---|
| 001 | 0002454 | ||
| 003 | KOHA_MİRAKIL | ||
| 005 | 20260207001313.0 | ||
| 007 | ta | ||
| 008 | 090227b1993 tu |||gr||||#0|||0|tur | | ||
| 020 |
_a0091503116 _cTL0,01 |
||
| 040 |
_aTR-BiSEU _btur _cTR-BiSEU _erda |
||
| 041 | 0 | _atur | |
| 044 | _ctu | ||
| 050 |
_aTH145 _b.A33 1993 |
||
| 100 | 1 | _aAdams, E.C.. | |
| 240 | 1 | 0 |
_ascience İn building _lTürkçe |
| 245 | 1 |
_aYapı bilgisi : _bMeslek öğrencileri ve teknisyenler için 2 = _bscience İn building/ _cE.C. Adams ; E.C. Adams; rdk. Önder Baykal; çeviren Senayi Dönmez. |
|
| 250 | _a2. bs. | ||
| 264 | 1 |
_aAnkara : _bYükseköğretim Kurulu _c1993 |
|
| 300 | _a3 c. | ||
| 336 |
_ametin _btxt _2rdacontent |
||
| 337 |
_aaracısız _bn _2rdamedia |
||
| 338 |
_acilt _bnc _2rdacarrier |
||
| 650 | 0 |
_aYapı. _91906 |
|
| 650 | 0 |
_aBuilding. _96931 |
|
| 907 | _aOkuma Kitabı | ||
| 942 |
_2lcc _cBK |
||
| 999 |
_c2441 _d2441 |
||